[Event "McNallian Offence"]
[Site "SchemingMind.com"]
[Date "2006.01.13"]
[Round "-"]
[White "Michael_f"]
[Black "niallmcg"]
[Result "1-0"]
[WhiteCountry "IRL"]
[BlackCountry "IRL"]
[WhiteElo "1014"]
[WhiteRD "126"]
[BlackElo "1124"]
[BlackRD "113"]
[GameID "30669"]

1. Nf3 Nc6 2. e3 Nf6 3. d4 g6 4. Nc3 d6 5. a4 Bh6 6. d5 Nb4 7. Bb5+ c6 8. Bf1 Bf5 9. h3 Bxc2 10. Qd4 Nbxd5
11. Kd2 Bb3 12. Ra3 c5 13. Qh4 Ng8 14. Rxb3 Bxe3+ 15. fxe3 Ndf6 16. Rxb7 Qc8 17. Ba6 Qc6 18. Qc4 d5 19. Qd3 h5 20. g4 hxg4
21. Ne5 Qd6 22. Nxd5 Nxd5 23. b4 Qxe5 24. Bb5+ Kf8 25. Bc6 e6 26. h4 Rd8 27. Rf1 Rxh4 28. Rfxf7#
1-0

[Event "McNallian Offence"]
[Site "SchemingMind.com"]
[Date "2005.11.23"]
[Round "-"]
[White "Michael_f"]
[Black "simon_w"]
[Result "0-1"]
[WhiteCountry "IRL"]
[BlackCountry "IRL"]
[WhiteElo "1016"]
[WhiteRD "146"]
[BlackElo "1615"]
[BlackRD "92"]
[GameID "30670"]

1. e4 e5 2. d3 Nc6 3. Bg5 Qxg5 4. Nf3 Qh6 5. g3 Nb4 6. a3 Na6 7. h4 Bc5 8. b4 Bb6 9. Bh3 Qc6 10. Nxe5 Qd6
11. d4 Bxd4 12. Nc4 Qe6 13. Bxe6 dxe6 14. Qxd4 Nf6 15. e5 Nd5 16. O-O b6 17. Re1 Bb7 18. a4 Naxb4 19. Ra3 Nxc2 20. Qd1 Nxe1
21. Qxe1 O-O-O 22. Nc3 Nxc3 23. Qxc3 Rd1+ 24. Kh2 Rh1#
0-1

[Event "McNallian Offence"]
[Site "SchemingMind.com"]
[Date "2005.11.18"]
[Round "-"]
[White "KaliYuga"]
[Black "Michael_f"]
[Result "1-0"]
[WhiteCountry "IRL"]
[BlackCountry "IRL"]
[WhiteElo "1869"]
[WhiteRD "77"]
[BlackElo "1016"]
[BlackRD "146"]
[GameID "30671"]

1. e4 e6 2. c4 Nc6 3. Nf3 Bb4 4. Nc3 a5 5. a3 Bf8 6. d4 d5 7. cxd5 exd5 8. Nxd5 Bf5 9. Nxc7+ Qxc7 10. exf5 Qd7
11. Bb5 Nge7 12. O-O Nxf5 13. Re1+ Kd8 14. Ne5 Qxd4 15. Qxd4+ Ncxd4 16. Nxf7+ Kc7 17. Nxh8 Nb3 18. Bf4+ Kb6 19. Bd7 Nh4 20. Rad1 Bc5
21. Re6+ Ka7 22. Nf7 Rf8 23. Nd6 Rd8 24. Nb5+ Ka8 25. Ra6+ bxa6 26. Bc6#
1-0

[Event "McNallian Offence"]
[Site "SchemingMind.com"]
[Date "2005.11.18"]
[Round "-"]
[White "Scramble Suit"]
[Black "Michael_f"]
[Result "1-0"]
[WhiteCountry "IRL"]
[BlackCountry "IRL"]
[WhiteElo "1493"]
[WhiteRD "86"]
[BlackElo "953"]
[BlackRD "128"]
[GameID "30672"]

1. d4 d6 2. e4 c5 3. d5 Qa5+ 4. Bd2 Qd8 5. Nf3 Bg4 6. Be2 Nf6 7. Nc3 e5 8. Ng5 h6 9. Nf3 Bd7 10. O-O a5
11. Nb5 Nxe4 12. Bd3 Nxd2 13. Qxd2 a4 14. a3 g5 15. b4 Na6 16. Rfe1 cxb4 17. axb4 Rc8 18. Rec1 Bg7 19. Nxd6+ Ke7 20. Nxc8+ Qxc8
21. b5 Nc5 22. Re1 Kd8 23. Qa5+ Ke7 24. Nd4 Qe8 25. Qb6 Qc8 26. Bc4 e4 27. Rxa4 Nxa4 28. Rxe4+ Be6 29. dxe6 Nxb6 30. Nf5+ Kf6
31. Nd6 Qd8 32. Nxf7 Qd1+ 33. Bf1 Rf8 34. e7 Re8 35. g3 Qxc2 36. Nd6 Rd8 37. exd8=Q+ Kg6 38. Qe8+ Kh7 39. Rc4 Nxc4 40. Nxc4 h5
41. Ne3 Qb1 42. Qxh5+
1-0

[Event "McNallian Offence"]
[Site "SchemingMind.com"]
[Date "2005.11.18"]
[Round "-"]
[White "attakmad"]
[Black "Michael_f"]
[Result "1-0"]
[WhiteCountry "IRL"]
[BlackCountry "IRL"]
[WhiteElo "1596"]
[WhiteRD "93"]
[BlackElo "1016"]
[BlackRD "146"]
[GameID "30673"]

1. Nf3 Nc6 2. g3 e5 3. e4 Nf6 4. Bg2 Nxe4 5. Qe2 f5 6. d3 Nc5 7. Nxe5 Nxe5 8. Qxe5+ Ne6 9. Nc3 d6 10. Qxf5 Nd4
11. Qh5+ g6 12. Qd1 h5 13. Be3 Bg4 14. f3 Bc8 15. Bxd4 c5 16. Bxh8 b5 17. Qe2+ Be7 18. Nd5 Kd7 19. f4 c4 20. Qxe7+ Qxe7+
21. Nxe7
1-0

[Event "McNallian Offence"]
[Site "SchemingMind.com"]
[Date "2005.11.23"]
[Round "-"]
[White "Quebec Libre"]
[Black "Michael_f"]
[Result "1-0"]
[WhiteCountry "IRL"]
[BlackCountry "IRL"]
[WhiteElo "1266"]
[WhiteRD "101"]
[BlackElo "1037"]
[BlackRD "151"]
[GameID "30674"]

1. e4 d6 2. d4 f6 3. Nf3 e5 4. Be3 Nc6 5. Bc4 exd4 6. Nxd4 Nge7 7. O-O a6 8. Nc3 b5 9. Nxc6 Nxc6 10. Bd5 Bd7
11. a3 g5 12. Qh5+ Ke7 13. Qf7#
1-0

[Event "McNallian Offence"]
[Site "SchemingMind.com"]
[Date "2005.11.18"]
[Round "-"]
[White "niallmcg"]
[Black "Michael_f"]
[Result "1-0"]
[WhiteCountry "IRL"]
[BlackCountry "IRL"]
[WhiteElo "1183"]
[WhiteRD "115"]
[BlackElo "953"]
[BlackRD "128"]
[GameID "30675"]

1. b3 c5 2. g3 d6 3. h4 Na6 4. g4 Qa5 5. g5 Bg4 6. Nf3 f6 7. Nc3 Nb4 8. Bh3 Bc8 9. a3 e6 10. a4 b5
11. Nxb5 a6 12. Nc3 e5 13. d3 h6 14. e4 fxg5 15. hxg5 hxg5 16. Nxg5 Bxh3 17. Rxh3 Rh6 18. Qf3 Nxc2+ 19. Kd2 Nxa1 20. Ne6 Rxe6
21. Bb2 Rf6 22. Qd1 Rxf2+ 23. Kc1 g6 24. Bxa1 Ra2 25. Nxa2 Qd8 26. Qf1 Rb8 27. Rh8 Bh6+ 28. Kb1 Rxb3+ 29. Kc2 Ra3 30. Qb1 Qf6
31. Rxg8+ Kf7 32. Qb2 Rxa4 33. Rb8 d5 34. exd5 Rh4 35. Qb7+ Qe7 36. Qxa6 Rh2+ 37. Kb3 Bd2 38. d6 Qh4 39. d7 Rh1 40. d8=Q
1-0

[Event "McNallian Offence"]
[Site "SchemingMind.com"]
[Date "2005.11.18"]
[Round "-"]
[White "simon_w"]
[Black "Michael_f"]
[Result "1-0"]
[WhiteCountry "IRL"]
[BlackCountry "IRL"]
[WhiteElo "1615"]
[WhiteRD "92"]
[BlackElo "1016"]
[BlackRD "146"]
[GameID "30676"]

1. e4 e6 2. Qe2 Nc6 3. Nc3 b5 4. Nxb5 a6 5. Nc3 Nd4 6. Qd3 Bc5 7. Nf3 f5 8. Nxd4 Qf6 9. Nf3 a5 10. Qb5 Qe7
11. Na4 c6 12. Qxc5 d6 13. Qxc6+ Bd7 14. Qxa8+ Kf7 15. d3 Nf6 16. Ng5+ Kg6 17. Qxh8 Bxa4 18. b3 Bc6 19. Qc8 d5 20. Qxc6 fxe4
21. Nxe6 exd3 22. Bxd3+ Kh5 23. O-O Ng4 24. Nf4+ Kh4 25. g3+ Kg5 26. Nxd5+ Kh5 27. Nxe7
1-0